000
00226nam a22000857a 4500
008
160718b xxu||||| |||| 00| 0 eng d
100
_9
3001
_a
Jharna De
245
_a
Lab Manual Mathematics - IX
260
_a
New Delhi
_b
Cordova
_c
2007
999
_c
2564
_d
2564